[Event "14. Lichtenberger Sommer"]
[Site "14. Lichtenberger Sommer"]
[Date "2015.08.18"]
[Round "4.87"]
[White "Hüls, Maximilian"]
[Black "Bandsom, Olaf"]
[Result "1/2-1/2"]
[WhiteElo "1552"]
[BlackElo "1802"]
[PlyCount "124"]
[EventDate "2015.??.??"]
[WhiteTeam "SV Mattnetz Berlin"]
[BlackTeam "SC Friesen Lichtenberg"]

1. e4 e5 2. Nf3 Nc6 3. d4 exd4 4. Nxd4 Nf6 5. Nc3 Bb4 6. Nxc6 bxc6 7. Bd3 O-O
8. O-O d5 9. exd5 cxd5 10. Bg5 h6 11. Bxf6 gxf6 12. Nxd5 Bd6 13. Qf3 Be5 14.
Ne7+ Qxe7 15. Qxa8 Qd6 16. Qe4 f5 17. Qh4 Kh8 18. Rad1 Qg6 19. Kh1 Rg8 20. Rg1
Bb7 21. Qh3 Bc8 22. c3 Qg5 23. Rde1 Bd6 24. Bb5 f4 25. Bd7 Bb7 26. Re8 Rxe8 27.
Bxe8 f3 28. g3 Bc5 29. Qf1 Qd2 30. h4 Bxf2 31. Bxf7 Bxg1 32. Kxg1 Qe3+ 33. Qf2
Qc1+ 34. Kh2 Qd1 35. Qd4+ Qxd4 36. cxd4 Kg7 37. Bc4 f2 38. g4 Bd5 39. Bf1 Bxa2
40. Kg2 Be6 41. Be2 Kf6 42. Kxf2 Bb3 43. Ke3 Bd5 44. Kf4 Bb3 45. Bf3 Be6 46. d5
Bg8 47. Ke4 Ke7 48. Ke5 Bf7 49. Kf5 a6 50. b4 Be8 51. Be2 Kd6 52. Bxa6 Kxd5 53.
Be2 c5 54. bxc5 Kxc5 55. Kf6 Kd4 56. Kg7 Ke3 57. Bd1 Kd2 58. Bf3 Ke3 59. Bg2
Kf4 60. Bh3 Kg3 61. g5 hxg5 62. hxg5 Kxh3 1/2-1/2

[Event "14. Lichtenberger Sommer"]
[Site "14. Lichtenberger Sommer"]
[Date "2015.08.18"]
[Round "4.88"]
[White "Zesewitz, Martin"]
[Black "Radloff, Rainer"]
[Result "1-0"]
[WhiteElo "1873"]
[BlackElo "1667"]
[PlyCount "49"]
[EventDate "2015.??.??"]
[WhiteTeam "SF Friedrichshagen"]
[BlackTeam "SC Weisse Dame e.V."]

1. f4 e6 2. Nf3 c5 3. b3 Nf6 4. e3 Be7 5. Bb2 O-O 6. Be2 b6 7. O-O Bb7 8. Qe1
d5 9. Qh4 Ne4 10. Qh3 Bf6 11. Ne5 Nd7 12. d3 Nd6 13. Nd2 g6 14. Ndf3 Bg7 15.
Ng5 h6 16. Nxe6 fxe6 17. Qxe6+ Nf7 18. Nxd7 Bxb2 19. Qxg6+ Bg7 20. Nxf8 Qxf8
21. Rae1 Re8 22. Bh5 Nd6 23. f5 Kh8 24. f6 Re6 25. fxg7+ 1-0

[Event "14. Lichtenberger Sommer"]
[Site "14. Lichtenberger Sommer"]
[Date "2015.08.18"]
[Round "4.89"]
[White "Bauer, Stefan"]
[Black "Scholta, Danilo"]
[Result "0-1"]
[WhiteElo "1633"]
[BlackElo "1861"]
[PlyCount "142"]
[EventDate "2015.??.??"]
[WhiteTeam "SC Kreuzberg"]
[BlackTeam "SV Empor Berlin"]

1. Nf3 d5 2. d4 e6 3. Nbd2 f5 4. e3 Nf6 5. c3 Bd6 6. Be2 Nbd7 7. h3 O-O 8. Ng5
Qe7 9. f4 c5 10. Ngf3 Nh5 11. Nf1 Nhf6 12. Ne5 Ne4 13. Nf3 Ndf6 14. Bd3 c4 15.
Bxe4 Nxe4 16. h4 Bd7 17. Rh3 Nf6 18. Ne5 b5 19. Nh2 Be8 20. h5 a5 21. Kf1 Bxe5
22. fxe5 Ne4 23. Nf3 Bxh5 24. Kg1 Qf7 25. Bd2 Bg4 26. Rh2 Qg6 27. Be1 f4 28.
exf4 Rxf4 29. Kh1 Raf8 30. Bh4 Bxf3 31. Qe1 Bg4 32. Kg1 Bf5 33. Qe3 Rg4 34. Rf1
Ng5 35. Rf2 Re4 36. Qxg5 Qxg5 37. Bxg5 Re1+ 38. Rf1 Re2 39. Be7 Rf7 40. Ba3 b4
41. cxb4 axb4 42. Bxb4 Rxb2 43. a3 h6 44. Rh4 Rc7 45. g4 Bg6 46. Rh3 Bd3 47.
Rc1 Rf7 48. Rg3 Rff2 49. g5 hxg5 50. Rxg5 Rh2 51. Rg4 Be4 52. Rxe4 dxe4 53.
Rxc4 Rhg2+ 54. Kh1 Rg3 55. Rc8+ Kh7 56. Rc1 Rd3 57. Bc5 Ra2 58. Re1 Kh6 59. Kg1
g5 60. Kf1 Rf3+ 61. Kg1 Rf4 62. Bb4 Kg6 63. Be7 Kf5 64. Bc5 g4 65. Bb4 g3 66.
Rf1 Rxf1+ 67. Kxf1 e3 68. Be1 Ke4 69. Bxg3 Kxd4 70. a4 Ke4 71. a5 Rxa5 0-1

[Event "14. Lichtenberger Sommer"]
[Site "14. Lichtenberger Sommer"]
[Date "2015.08.18"]
[Round "4.90"]
[White "Winkler, Johannes"]
[Black "Bieber, Rainer"]
[Result "1/2-1/2"]
[WhiteElo "1540"]
[BlackElo "1745"]
[PlyCount "102"]
[EventDate "2015.??.??"]
[WhiteTeam "SF 1903 Berlin"]
[BlackTeam "SV Empor Berlin"]

1. d4 Nf6 2. Nf3 g6 3. Bf4 Bg7 4. e3 O-O 5. Nbd2 d5 6. h3 Nbd7 7. Bd3 c5 8. c3
a6 9. a4 c4 10. Bc2 Re8 11. O-O b6 12. Ne5 Bb7 13. Ndf3 Nxe5 14. Nxe5 Nd7 15.
Qg4 Nxe5 16. dxe5 e6 17. Bg5 Qc7 18. Bf6 Qc5 19. h4 Qf8 20. h5 Bxf6 21. exf6
Qh6 22. hxg6 hxg6 23. Rad1 Qh5 24. Qxh5 gxh5 25. Rd4 e5 26. Rh4 Re6 27. Rxh5
Rxf6 28. Rxe5 b5 29. a5 Kf8 30. Rd1 Re8 31. Rxe8+ Kxe8 32. Rd4 Rh6 33. g3 Ke7
34. Rh4 Rd6 35. Rh7 Bc8 36. f4 Bg4 37. Rg7 Bf3 38. Rg5 f6 39. Rg7+ Kf8 40. Rh7
Be4 41. Rh2 Kg7 42. Rd2 Bxc2 43. Rxc2 Kf7 44. g4 Re6 45. Kf2 Re8 46. Rd2 Ke6
47. Kg3 Kd6 48. Kf3 Kc5 49. Rd4 Rh8 50. Kg2 Re8 51. Kf3 Rh8 1/2-1/2

[Event "14. Lichtenberger Sommer"]
[Site "14. Lichtenberger Sommer"]
[Date "2015.08.18"]
[Round "4.91"]
[White "Grassi, Fabrizio"]
[Black "Hömke, Holger"]
[Result "1-0"]
[WhiteElo "1870"]
[BlackElo "1568"]
[PlyCount "95"]
[EventDate "2015.??.??"]
[WhiteTeam "SV Berlin-Friedrichstadt"]
[BlackTeam "SK Zehlendorf"]

1. d4 Nf6 2. Bf4 e6 3. e3 Be7 4. Bd3 b6 5. h3 Bb7 6. Nf3 O-O 7. O-O d6 8. c3
Nbd7 9. Nbd2 c5 10. Qe2 cxd4 11. exd4 Nd5 12. Bh2 Rc8 13. a4 N7f6 14. a5 Nh5
15. Qe4 Nhf6 16. Qe1 bxa5 17. Nb3 Qb6 18. Nxa5 Ra8 19. Nxb7 Qxb7 20. Qe2 Rfb8
21. Rfb1 a5 22. Nd2 Qc7 23. Nc4 h5 24. Bg3 g5 25. Nd2 a4 26. Nc4 Nb6 27. Na3
Nbd5 28. Qd2 Nh7 29. Qc2 f5 30. Re1 Kf7 31. Re2 Qb6 32. Rae1 Nf8 33. Bc4 Nc7
34. d5 Kf6 35. dxe6 f4 36. Bh2 d5 37. Bd3 Ncxe6 38. Bf5 h4 39. Bxe6 Nxe6 40.
Rxe6+ Qxe6 41. Rxe6+ Kxe6 42. g3 Bd6 43. gxf4 gxf4 44. Qe2+ Kf6 45. Nb5 Re8 46.
Qd2 Be5 47. Bxf4 Rg8+ 48. Kf1 1-0

[Event "14. Lichtenberger Sommer"]
[Site "14. Lichtenberger Sommer"]
[Date "2015.08.18"]
[Round "4.92"]
[White "Paris, Gerhard"]
[Black "Ziems, Michael"]
[Result "0-1"]
[WhiteElo "1530"]
[BlackElo "1821"]
[PlyCount "100"]
[EventDate "2015.??.??"]
[WhiteTeam "TSG Oberschöneweide"]
[BlackTeam "SV Empor Berlin"]

1. e4 e6 2. d4 d5 3. e5 c5 4. c3 Nc6 5. Nf3 Qb6 6. Bd3 Bd7 7. Bc2 cxd4 8. cxd4
Nb4 9. Nc3 Nxc2+ 10. Qxc2 Ne7 11. O-O Nf5 12. Be3 Be7 13. g4 Nh4 14. Nxh4 Bxh4
15. g5 h6 16. g6 f5 17. exf6 Bxf6 18. Rad1 Rc8 19. Qb1 Rc4 20. Rfe1 O-O 21. Ne2
Bh4 22. Ng3 Qd8 23. b3 Rc3 24. Qb2 Rc6 25. Qd2 Qf6 26. Bxh6 Qxg6 27. Be3 Rc2
28. Qd3 Qxd3 29. Rxd3 Rxa2 30. Kg2 Bc6 31. Kh3 Be7 32. Rg1 Rf3 33. Kg4 Rf6 34.
Kh3 Rg6 35. Rdd1 Bd7 36. Kg2 Rb2 37. Rb1 Rxb1 38. Rxb1 Bb5 39. Rc1 Bc6 40. Kf1
Bb4 41. h4 Rf6 42. Ke2 Rf8 43. Rg1 Kf7 44. Nh5 Rg8 45. Rg3 Bb5+ 46. Kd1 Bd7 47.
Rf3+ Ke8 48. Rg3 Kf7 49. Bf4 g6 50. Be5 gxh5 0-1

[Event "14. Lichtenberger Sommer"]
[Site "14. Lichtenberger Sommer"]
[Date "2015.08.18"]
[Round "4.93"]
[White "Möller, Dirk"]
[Black "Alvarez, Luis"]
[Result "0-1"]
[WhiteElo "1571"]
[BlackElo "1853"]
[PlyCount "110"]
[EventDate "2015.??.??"]
[WhiteTeam "SC Kreuzberg"]
[BlackTeam "Zug um Zug Everswinkel"]

1. e4 d5 2. exd5 Qxd5 3. Nc3 Qa5 4. d4 Nf6 5. Nf3 Bf5 6. Bd2 c6 7. Bc4 Nbd7 8.
O-O e6 9. Nd5 Qd8 10. Nxf6+ Nxf6 11. Re1 Be7 12. Bf4 O-O 13. Bd3 Bxd3 14. Qxd3
h6 15. Rad1 Re8 16. Ne5 Bd6 17. Qf3 Be7 18. Qh3 Bf8 19. Re3 Nd5 20. Rf3 Nxf4
21. Rxf4 Re7 22. Qh5 Qc7 23. Rd3 f6 24. Ng6 Rf7 25. Rg4 Kh7 26. Rf3 Rd8 27. Ne5
Re7 28. Ng6 Red7 29. Nxf8+ Rxf8 30. Qg6+ Kh8 31. Re3 e5 32. c3 exd4 33. Re8 Rd8
34. Rxf8+ Rxf8 35. Rxd4 Rd8 36. Qd3 Rxd4 37. Qxd4 Qa5 38. a3 Qg5 39. Qe3 Qd5
40. Kf1 Kh7 41. Ke2 Qxg2 42. Qd3+ Qg6 43. Qxg6+ Kxg6 44. Kd3 Kf5 45. Kd4 Kf4
46. Kc5 Kf3 47. b4 f5 48. Kd6 f4 49. Ke5 g5 50. a4 Kxf2 51. b5 Ke3 52. c4 f3
53. c5 f2 54. Kd6 f1=Q 55. bxc6 Qf6+ 0-1

[Event "14. Lichtenberger Sommer"]
[Site "14. Lichtenberger Sommer"]
[Date "2015.08.18"]
[Round "4.94"]
[White "Bernstein, Jeremy"]
[Black "Stein, Siegfried"]
[Result "0-1"]
[WhiteElo "1552"]
[BlackElo "1713"]
[PlyCount "46"]
[EventDate "2015.??.??"]
[WhiteTeam "SC Kreuzberg"]
[BlackTeam "SV Berolina Mitte"]

1. d4 d5 2. c4 e5 3. dxe5 d4 4. Nf3 Nc6 5. h3 Be6 6. b3 Qd7 7. Nbd2 O-O-O 8. g3
f6 9. exf6 Nxf6 10. Bg2 h6 11. Kf1 Bc5 12. Ne1 g5 13. Nd3 Be7 14. Nf3 Bf5 15.
Nde5 Nxe5 16. Nxe5 Qe6 17. Nd3 Ne4 18. Bb2 Rhf8 19. g4 Ng3+ 20. fxg3 Bxd3+ 21.
Bf3 Rxf3+ 22. Kg2 Rxg3+ 23. Kxg3 Qe3+ 0-1

[Event "14. Lichtenberger Sommer"]
[Site "14. Lichtenberger Sommer"]
[Date "2015.08.18"]
[Round "4.95"]
[White "Nguyen Duc, Quang Nhat"]
[Black "Albinus, Günter"]
[Result "1/2-1/2"]
[WhiteElo "1604"]
[BlackElo "1887"]
[PlyCount "83"]
[EventDate "2015.??.??"]
[WhiteTeam "SC Friesen Lichtenberg"]
[BlackTeam "SG Weißensee 49"]

1. e4 c5 2. f4 e6 3. Nf3 Nc6 4. Bb5 Nge7 5. O-O g6 6. d3 Bg7 7. Qe1 a6 8. Ba4
Qa5 9. Bxc6 Nxc6 10. c3 d6 11. Qg3 Qc7 12. Nbd2 O-O 13. a4 f5 14. Ng5 h6 15.
Nh3 Kh7 16. Nf3 Bf6 17. Kh1 Rg8 18. Qf2 Qg7 19. Rg1 Rh8 20. Be3 b6 21. Nd2 Rb8
22. Rab1 Rd8 23. Qe2 Kg8 24. Nf3 Bb7 25. Nf2 Re8 26. c4 Kf7 27. b3 Qh8 28. Ne1
Nd4 29. Qd1 Nc6 30. Nc2 Bc3 31. Bd2 Bxd2 32. Qxd2 Nd4 33. Ne1 Qf6 34. Nf3 Nxf3
35. gxf3 h5 36. Rg3 Rg8 37. Rbg1 Rg7 38. R1g2 Rbg8 39. Nh3 Qa1+ 40. Ng1 Qd4 41.
Ne2 Qa1+ 42. Ng1 1/2-1/2

[Event "14. Lichtenberger Sommer"]
[Site "14. Lichtenberger Sommer"]
[Date "2015.08.18"]
[Round "4.96"]
[White "Krüger, Ekkehard"]
[Black "Koerber, Bernhard"]
[Result "1-0"]
[WhiteElo "1813"]
[BlackElo "1603"]
[PlyCount "87"]
[EventDate "2015.??.??"]
[WhiteTeam "Narva Berlin"]
[BlackTeam "Lasker Steglitz-Wilmersdorf"]

1. e4 e6 2. d4 d5 3. e5 c5 4. c3 Nc6 5. Nf3 Nge7 6. Na3 Nf5 7. Nc2 Qb6 8. Bd3
cxd4 9. Bxf5 exf5 10. cxd4 g6 11. O-O Bg7 12. b3 O-O 13. Ba3 Re8 14. Qd2 f6 15.
exf6 Bxf6 16. Rfe1 Bd7 17. Bc5 Qc7 18. Ne3 Be6 19. Rac1 b6 20. Ba3 Qd7 21. Bb2
Rac8 22. Ne5 Nxe5 23. dxe5 Bg7 24. f4 Bf8 25. b4 Red8 26. Red1 d4 27. Rxc8 Rxc8
28. Bxd4 Rd8 29. a3 Bb3 30. Rb1 Qxd4 31. Qxd4 Rxd4 32. Rxb3 Rxf4 33. Nd5 Rd4
34. Nf6+ Kg7 35. Rc3 Kf7 36. Nxh7 Be7 37. Rc7 Ke8 38. Rxa7 Rd7 39. Ra8+ Kf7 40.
Rb8 Kg7 41. Nf6 Bxf6 42. exf6+ Kxf6 43. Rxb6+ Kf7 44. a4 1-0

[Event "14. Lichtenberger Sommer"]
[Site "14. Lichtenberger Sommer"]
[Date "2015.08.18"]
[Round "4.97"]
[White "Stoffel, Patrick"]
[Black "Körner, Helmut"]
[Result "1/2-1/2"]
[WhiteElo "1310"]
[BlackElo "1864"]
[PlyCount "131"]
[EventDate "2015.??.??"]
[WhiteTeam "vereinslos"]
[BlackTeam "SF Nordost Berlin"]

1. e4 d5 2. exd5 Nf6 3. Bb5+ Bd7 4. Be2 Nxd5 5. d4 Nb6 6. Nf3 Bg4 7. O-O e6 8.
Re1 Be7 9. Bf4 O-O 10. Nbd2 Nc6 11. Nb3 a5 12. a4 Bd6 13. Bg5 f6 14. Bc1 Nd5
15. h3 Bh5 16. Bc4 Re8 17. c3 Qd7 18. g3 Qf7 19. Kg2 Nb6 20. Bd3 e5 21. Qc2
Bxf3+ 22. Kxf3 Qh5+ 23. Kg2 exd4 24. Rxe8+ Rxe8 25. Nxd4 Qd5+ 26. Nf3 Ne5 27.
Bxh7+ Kf8 28. Be4 Qc4 29. b3 Qa6 30. Nxe5 Rxe5 31. Bf4 Re7 32. Bxd6 cxd6 33.
Bd3 Qa8 34. Bb5 Qd8 35. Qh7 Qc7 36. Rc1 Qc5 37. Bf1 Re5 38. c4 d5 39. Bd3 dxc4
40. Qh8+ Kf7 41. Bxc4+ Nxc4 42. Rxc4 Qd5+ 43. Kh2 Re7 44. Rg4 g5 45. Qh7+ Ke8
46. Qg6+ Qf7 47. Qxf7+ Kxf7 48. b4 axb4 49. Rxb4 Kg6 50. Rb6 Rf7 51. g4 Kg7 52.
Kg3 Rc7 53. f3 Kf7 54. h4 gxh4+ 55. Kxh4 Kg7 56. f4 Kf7 57. g5 fxg5+ 58. Kxg5
Rc5+ 59. f5 Rc7 60. Rh6 Kg8 61. Rd6 Kf7 62. Rh6 Kg8 63. Rg6+ Kf7 64. Kh6 Rc4
65. Rg7+ Kf6 66. Kh7 1/2-1/2

[Event "14. Lichtenberger Sommer"]
[Site "14. Lichtenberger Sommer"]
[Date "2015.08.18"]
[Round "4.98"]
[White "Wahner, Eberhard"]
[Black "Jansen, Robert"]
[Result "1/2-1/2"]
[WhiteElo "1350"]
[BlackElo "1757"]
[PlyCount "130"]
[EventDate "2015.??.??"]
[WhiteTeam "SC Eintracht Berlin e.V."]
[BlackTeam "SC Kreuzberg"]

1. c4 Nf6 2. Nc3 e5 3. g3 c6 4. Bg2 d5 5. cxd5 cxd5 6. e3 Nc6 7. Nge2 Be7 8. d4
e4 9. O-O O-O 10. a3 Bf5 11. f3 Qd7 12. Nf4 Rfd8 13. fxe4 dxe4 14. Rf2 Rac8 15.
Bd2 h6 16. Nh5 Nxh5 17. Qxh5 Bg6 18. Qe2 f5 19. Raf1 Rf8 20. Bh3 Rce8 21. Nxe4
Nxd4 22. Qc4+ Ne6 23. Bxf5 Bxf5 24. Rxf5 Rxf5 25. Rxf5 Kh7 26. Qc2 Kh8 27. Bc3
Ng5 28. Nf2 Qe6 29. e4 b6 30. b4 a5 31. h4 Nh7 32. Qb2 Nf6 33. Qe2 axb4 34.
axb4 Qb3 35. Qd2 Qe6 36. Qf4 Qc6 37. Bd2 Bd6 38. e5 Nd5 39. Qf3 Be7 40. e6 Nxb4
41. Qg4 Qxe6 42. Bc3 Rg8 43. Rh5 Qd6 44. Be5 Qc6 45. Qf4 Rf8 46. Rxh6+ Kg8 47.
Rxc6 Rxf4 48. Rxb6 Rxf2 49. Rxb4 Bxb4 50. Kxf2 Kh7 51. Kf3 g6 52. g4 Be7 53. g5
Bb4 54. Kg4 Bf8 55. Kf3 Bb4 56. Bf6 Be1 57. Kg4 Bb4 58. Be5 Bd2 59. Kf3 Be1 60.
Bg3 Bc3 61. Ke4 Kg8 62. Bf2 Kf7 63. Bg3 Bb4 64. Kd5 Bd2 65. Bf2 Bb4 1/2-1/2

[Event "14. Lichtenberger Sommer"]
[Site "14. Lichtenberger Sommer"]
[Date "2015.08.18"]
[Round "4.99"]
[White "Kornath, Heinrich"]
[Black "Allaart, Jesse"]
[Result "1-0"]
[WhiteElo "1829"]
[BlackElo "1546"]
[PlyCount "71"]
[EventDate "2015.??.??"]
[WhiteTeam "SG Eckturm (Berlin)"]
[BlackTeam "HMC Den Bosch"]

1. e4 e5 2. Nf3 Nc6 3. d4 exd4 4. Nxd4 Bc5 5. Be3 Qf6 6. c3 Nge7 7. Qd2 d6 8.
Nxc6 Bxe3 9. Qxe3 Nxc6 10. Nd2 Bd7 11. g3 O-O 12. Bg2 Rfe8 13. O-O Ne5 14. f4
Ng4 15. Qf3 Qh6 16. h3 Nf6 17. g4 Qh4 18. Rae1 Bc6 19. Qd3 Nd7 20. Kh2 Nc5 21.
Qc2 Qe7 22. b4 Ba4 23. Qb1 Nd7 24. Nf3 Bb5 25. Rf2 Nb6 26. Nd4 Bc4 27. g5 c5
28. Nf5 Qd7 29. Rd1 cxb4 30. Rxd6 Qb5 31. Qxb4 Qxb4 32. cxb4 Rad8 33. e5 Be6
34. Rxd8 Rxd8 35. Nd6 Nd5 36. f5 1-0

[Event "14. Lichtenberger Sommer"]
[Site "14. Lichtenberger Sommer"]
[Date "2015.08.18"]
[Round "4.100"]
[White "Kling, Maximilian"]
[Black "Cravet, Alexandra"]
[Result "1-0"]
[WhiteElo "1759"]
[BlackElo "750"]
[PlyCount "63"]
[EventDate "2015.??.??"]
[WhiteTeam "SK Kriegshaber"]
[BlackTeam "SC Friesen Lichtenberg"]

1. e4 e5 2. Nf3 Nc6 3. Bb5 Nf6 4. d3 Bc5 5. Bg5 O-O 6. O-O Qe7 7. Nc3 Qe6 8.
Bc4 Qg4 9. Bxf6 gxf6 10. Nd5 Qg6 11. Nxc7 Rb8 12. c3 d6 13. Nd5 Bh3 14. Nh4 Qg5
15. Qh5 Qxh5 16. Nxf6+ Kg7 17. Nxh5+ Kg8 18. gxh3 Na5 19. Bd5 Rbd8 20. b4 Bb6
21. bxa5 Bxa5 22. Rac1 Bb6 23. Nf5 Rc8 24. Kh1 Rfd8 25. Ne7+ Kf8 26. Nxc8 Rxc8
27. Nf6 Kg7 28. Nd7 Rg8 29. Nxb6 axb6 30. Rb1 Rc8 31. Rxb6 Rb8 32. a4 1-0

[Event "14. Lichtenberger Sommer"]
[Site "14. Lichtenberger Sommer"]
[Date "2015.08.18"]
[Round "4.101"]
[White "Fock, Amina"]
[Black "Gunkel, Wolfgang"]
[Result "0-1"]
[WhiteElo "1621"]
[BlackElo "1647"]
[PlyCount "62"]
[EventDate "2015.??.??"]
[WhiteTeam "SK International Berlin"]
[BlackTeam "SK International Berlin"]

1. e4 e5 2. Nf3 Nc6 3. Bb5 a6 4. Ba4 Nf6 5. O-O b5 6. Bb3 Be7 7. Re1 O-O 8. c3
d6 9. h3 Be6 10. Bc2 Qd7 11. d4 exd4 12. cxd4 Nb4 13. d5 Bxh3 14. gxh3 Nxc2 15.
Qxc2 Qxh3 16. Nh2 Ng4 17. Nxg4 Qxg4+ 18. Kf1 f5 19. Nd2 f4 20. f3 Qh3+ 21. Ke2
Bh4 22. Rf1 Qg2+ 23. Kd3 c5 24. b3 Rac8 25. Qc3 c4+ 26. bxc4 bxc4+ 27. Kc2 Bf6
28. Qb4 Bxa1 29. Bb2 Bxb2 30. Qxb2 c3 31. Qb4 Qxd2+ 0-1

[Event "14. Lichtenberger Sommer"]
[Site "14. Lichtenberger Sommer"]
[Date "2015.08.18"]
[Round "4.102"]
[White "Engelhardt, Erhard"]
[Black "Semenishchev, Vladimir"]
[Result "1-0"]
[WhiteElo "1805"]
[BlackElo "750"]
[PlyCount "69"]
[EventDate "2015.??.??"]
[WhiteTeam "SSV Rotation Berlin"]
[BlackTeam "SC Friesen Lichtenberg"]

1. b4 e5 2. Bb2 Nc6 3. b5 Nb4 4. a3 Nd5 5. c4 Nb6 6. e3 a6 7. Bxe5 d6 8. Bb2
axb5 9. cxb5 Bd7 10. a4 d5 11. Nf3 Be7 12. Bxg7 Bf6 13. Bxh8 Bxh8 14. d4 Bg4
15. Be2 Bg7 16. Nbd2 Nf6 17. a5 Nfd7 18. axb6 Rxa1 19. Qxa1 c5 20. bxc6 bxc6
21. Qa7 Nxb6 22. O-O Nc8 23. Qb7 Bd7 24. Nb3 Nd6 25. Qb4 Bf8 26. Nc5 Ne4 27.
Ne5 Bf5 28. f3 Nxc5 29. dxc5 Bh6 30. f4 Be4 31. Bh5 Qf6 32. Qb8+ Ke7 33. Qc7+
Kf8 34. Nd7+ Kg7 35. Nxf6 1-0

[Event "14. Lichtenberger Sommer"]
[Site "14. Lichtenberger Sommer"]
[Date "2015.08.18"]
[Round "4.103"]
[White "Straßburg, Robin"]
[Black "Steiner, Dominik"]
[Result "1/2-1/2"]
[WhiteElo "1105"]
[BlackElo "1622"]
[PlyCount "101"]
[EventDate "2015.??.??"]
[WhiteTeam "SC Eintracht Berlin e.V."]
[BlackTeam "SR Heuberg-Gosheim"]

1. d4 d5 2. Nf3 Bf5 3. e3 e6 4. Bd3 Bg6 5. b3 Nc6 6. a3 Nf6 7. Bb2 Be7 8. Qe2
a6 9. Nbd2 O-O 10. O-O Rc8 11. Ne5 Nxe5 12. dxe5 Nd7 13. f4 Nc5 14. Bxg6 fxg6
15. Qg4 Qd7 16. Rad1 b5 17. Rf3 Nb7 18. Rh3 Rf5 19. Nf3 c5 20. Nh4 Bxh4 21.
Qxh4 Rh5 22. Qg4 Rxh3 23. Qxh3 Na5 24. Bc3 Nc6 25. Bb2 Ne7 26. g4 c4 27. b4 Qa7
28. Bd4 Qc7 29. c3 a5 30. Ra1 Ra8 31. Qf1 Nc6 32. Qe1 Qd8 33. h4 h6 34. Kg2 g5
35. fxg5 hxg5 36. h5 Qe8 37. Rb1 Qf7 38. Qf1 Qb7 39. Ra1 Rf8 40. Qe2 Qc7 41.
Rf1 Rxf1 42. Qxf1 Nxe5 43. Bxe5 Qxe5 44. Qc1 Qe4+ 45. Kg3 a4 46. Qd2 Kf7 47.
Qd4 Qxd4 48. exd4 Kf6 49. Kf3 e5 50. Ke3 Ke6 51. Kd2 1/2-1/2

[Event "14. Lichtenberger Sommer"]
[Site "14. Lichtenberger Sommer"]
[Date "2015.08.18"]
[Round "4.104"]
[White "Eichstädt, Torsten"]
[Black "Silies, Martin"]
[Result "0-1"]
[WhiteElo "1302"]
[BlackElo "1880"]
[PlyCount "76"]
[EventDate "2015.??.??"]
[WhiteTeam "SC Friesen Lichtenberg"]
[BlackTeam "SF St.Johannes Spelle"]

1. e4 e5 2. Nf3 Nc6 3. Bc4 Nf6 4. d3 Be7 5. c3 d6 6. Qb3 O-O 7. Be3 Ng4 8. O-O
Na5 9. Qc2 Nxc4 10. dxc4 b6 11. b4 Bb7 12. c5 dxc5 13. bxc5 Nxe3 14. fxe3 Bxc5
15. Kh1 Qe7 16. Nbd2 Ba6 17. Rfe1 Rfd8 18. Qa4 Bd3 19. Qc6 Rab8 20. Qa4 b5 21.
Qb3 a5 22. a4 b4 23. c4 Qe6 24. Rac1 f6 25. Qb2 c6 26. Nb3 Bb6 27. c5 Bc7 28.
Nbd2 Kh8 29. Red1 Rd7 30. Ne1 Be2 31. Nc4 Bxd1 32. Nd6 Bxd6 33. Nd3 Bxa4 34.
cxd6 Qxd6 35. Nf2 Qd2 36. Qxd2 Rxd2 37. Kg1 b3 38. Nd1 b2 0-1

[Event "14. Lichtenberger Sommer"]
[Site "14. Lichtenberger Sommer"]
[Date "2015.08.18"]
[Round "4.105"]
[White "Toth, Hans-Jürgen"]
[Black "Zesewitz, Maik"]
[Result "0-1"]
[WhiteElo "1571"]
[BlackElo "1652"]
[PlyCount "76"]
[EventDate "2015.??.??"]
[WhiteTeam "SF Zehdenick"]
[BlackTeam "SF Friedrichshagen"]

1. f4 d6 2. Nf3 g6 3. e3 Bg7 4. Be2 Nf6 5. O-O O-O 6. c3 Nc6 7. d4 e6 8. Nbd2
Nd5 9. Nb3 a5 10. a4 b6 11. e4 Nf6 12. e5 Nd5 13. Bd3 f6 14. Be4 Ba6 15. Bd3
Bxd3 16. Qxd3 fxe5 17. fxe5 dxe5 18. Bg5 Qd6 19. Rad1 exd4 20. Nbxd4 Nxd4 21.
Nxd4 Qc5 22. Kh1 Rxf1+ 23. Rxf1 Qd6 24. Kg1 Nxc3 25. Bf6 Bxf6 26. Rxf6 Ne2+ 27.
Qxe2 Qxd4+ 28. Qf2 Qxf2+ 29. Kxf2 Re8 30. Ke3 Kg7 31. Rf2 e5 32. Rd2 Kf6 33.
Rd7 Re7 34. Rd8 Ke6 35. Rd2 Rd7 36. Rf2 Rd4 37. b3 Rb4 38. Rb2 c5 0-1

[Event "14. Lichtenberger Sommer"]
[Site "14. Lichtenberger Sommer"]
[Date "2015.08.18"]
[Round "4.106"]
[White "Grothe, Michael"]
[Black "Lippianowski, Stefan"]
[Result "1/2-1/2"]
[WhiteElo "1220"]
[BlackElo "1152"]
[PlyCount "107"]
[EventDate "2015.??.??"]
[WhiteTeam "vereinslos"]
[BlackTeam "SV Mattnetz Berlin"]

1. e4 e5 2. Nf3 Nc6 3. Bc4 h6 4. c3 Nf6 5. d3 Bc5 6. O-O d6 7. h3 Qe7 8. Re1
Bd7 9. Be3 Bxe3 10. Rxe3 g5 11. Nh2 O-O-O 12. Nd2 h5 13. Ndf3 g4 14. Ng5 Be6
15. Nxe6 fxe6 16. Qe2 d5 17. exd5 exd5 18. Bb5 Qd6 19. d4 e4 20. Rf1 Ne7 21.
Qd1 Nf5 22. Ree1 gxh3 23. g3 c6 24. Be2 h4 25. Bg4 Nxg4 26. Qxg4 Qd7 27. Qxh3
hxg3 28. Qg4 gxh2+ 29. Kh1 Rdg8 30. Qf4 Qg7 31. Qxf5+ Kb8 32. Qe5+ Ka8 33. Qxg7
Rxg7 34. f4 Rf7 35. Re2 Rh3 36. Rxh2 Rxh2+ 37. Kxh2 Rh7+ 38. Kg3 Rg7+ 39. Kh3
Rh7+ 40. Kg4 Rg7+ 41. Kf5 Rf7+ 42. Kg6 Re7 43. f5 e3 44. Re1 Kb8 45. f6 Re6 46.
Kf7 Re4 47. Kf8 Kc7 48. f7 Kd7 49. Kg7 Rg4+ 50. Kf8 Re4 51. Kg8 Rg4+ 52. Kf8
Re4 53. Kg8 Rg4+ 54. Kf8 1/2-1/2

[Event "14. Lichtenberger Sommer"]
[Site "14. Lichtenberger Sommer"]
[Date "2015.08.18"]
[Round "4.107"]
[White "Sauer, Jakob"]
[Black "Pöltelt, Helmut"]
[Result "0-1"]
[WhiteElo "1404"]
[BlackElo "1752"]
[PlyCount "78"]
[EventDate "2015.??.??"]
[WhiteTeam "Schachunion Berlin"]
[BlackTeam "SC Eintracht Berlin"]

1. e4 c5 2. Nf3 d6 3. d4 cxd4 4. Nxd4 Nf6 5. Nc3 a6 6. Be3 Qc7 7. h3 e6 8. Qd2
Be7 9. Be2 b5 10. a3 Bb7 11. Bd3 Nbd7 12. Nf3 Nc5 13. Bxc5 Qxc5 14. b4 Qc7 15.
Nd4 Rc8 16. Nde2 d5 17. exd5 Nxd5 18. Nxd5 Bxd5 19. Rg1 O-O 20. Kf1 Bf6 21. Rd1
Rfd8 22. Qc1 Bc4 23. Bxc4 Rxd1+ 24. Qxd1 Qxc4 25. g3 Qxc2 26. Qxc2 Rxc2 27. Nf4
Ra2 28. Kg2 Rxa3 29. Rc1 g6 30. Rc8+ Kg7 31. Ra8 Bc3 32. Ra7 Kf6 33. Nd3 Bd4
34. Nc5 Ra2 35. Rxa6 Rxf2+ 36. Kh1 Rb2 37. Ne4+ Kg7 38. Ra8 Rxb4 39. Rb8 Be5
0-1

[Event "14. Lichtenberger Sommer"]
[Site "14. Lichtenberger Sommer"]
[Date "2015.08.18"]
[Round "4.108"]
[White "Gnaß, Erhardt"]
[Black "Ollek, Karl-Heinz"]
[Result "1/2-1/2"]
[WhiteElo "1510"]
[BlackElo "1726"]
[PlyCount "59"]
[EventDate "2015.??.??"]
[WhiteTeam "SK Zehlendorf"]
[BlackTeam "SC Friesen Lichtenberg"]

1. Nf3 Nf6 2. d4 d5 3. g3 c6 4. Bg2 Bf5 5. O-O Nbd7 6. c3 e6 7. h3 Be7 8. Nbd2
h6 9. Ne5 Nxe5 10. dxe5 Nd7 11. Nf3 Qc7 12. Nd4 Nxe5 13. Nxf5 exf5 14. e3 O-O-O
15. a4 g5 16. b4 Bd6 17. b5 Bc5 18. Ba3 cxb5 19. axb5 Bxa3 20. Rxa3 Qc5 21. Qb3
Nc4 22. Ra2 Kc7 23. Rfa1 Ra8 24. Qc2 Nd6 25. Qd3 f4 26. Rb1 fxg3 27. fxg3 Rhe8
28. Re2 Re5 29. Qd4 Qxd4 30. cxd4 1/2-1/2

[Event "14. Lichtenberger Sommer"]
[Site "14. Lichtenberger Sommer"]
[Date "2015.08.18"]
[Round "4.109"]
[White "Mueller, Jörg René"]
[Black "Kostanyan, Hakob"]
[Result "0-1"]
[WhiteElo "1489"]
[BlackElo "1583"]
[PlyCount "111"]
[EventDate "2015.??.??"]
[WhiteTeam "SC Zugzwang 95 (Berlin)"]
[BlackTeam "SC Weisse Dame (Berlin)"]

1. e4 c5 2. c4 d6 3. Nc3 Nf6 4. Nf3 Bg4 5. Be2 g6 6. h3 Bxf3 7. Bxf3 Nc6 8. d3
Bg7 9. O-O O-O 10. a3 a6 11. Ne2 Rc8 12. Bd2 Nd7 13. Qc2 Nde5 14. Bg4 Nxg4 15.
hxg4 Qd7 16. f3 Rfd8 17. g3 e6 18. Kg2 d5 19. Be3 dxe4 20. dxe4 Qd3 21. Qxd3
Rxd3 22. Bxc5 Bxb2 23. Rab1 Rd2 24. Rf2 Ne5 25. Nf4 Rxf2+ 26. Bxf2 Nxc4 27. a4
Rd8 28. Re1 b5 29. axb5 axb5 30. Re2 Ba3 31. Rc2 Bb4 32. Ne2 e5 33. g5 Rd2 34.
Rxd2 Bxd2 35. Kf1 b4 36. Be1 b3 37. Bxd2 b2 38. Nc3 Nxd2+ 39. Ke2 b1=Q 40. Nxb1
Nxb1 41. f4 exf4 42. gxf4 Kf8 43. Ke3 Ke7 44. Kd4 Ke6 45. Ke3 Na3 46. Kd4 Nb5+
47. Kc4 Nd6+ 48. Kd4 Nb5+ 49. Kc4 f6 50. Kd3 fxg5 51. fxg5 Ke5 52. Ke3 Nd6 53.
Kf3 Nxe4 54. Kg4 Nf2+ 55. Kh4 Kf5 56. Kg3 0-1